00461nam a2200169Ia 4500003000400000005001700004008004100021040000700062041000800069082001600077100003200093245007700125260002000202650001400222650003200236700002300268OSt20241119110129.0210719s2016 xx 000 0 und d cAL aeng a378.04 STAS aST ALOYSIUS EVENING COLLEGE aSt. Aloysius Evening college Mangalore: Suvarna Sandhya souvenir 2015-16 aMangalorec2016 aEducation a South Kanara/ South Canara aBHAT (Mahalinga K)